[Event "Rhein Main op-A 18th"]
[Site "Bad Homburg"]
[Date "2015.06.06"]
[Round "5"]
[White "Marchese, Gaspare"]
[Black "Marchese, Eric"]
[Result "1-0"]
[WhiteElo "1962"]
[BlackElo "1706"]
[PlyCount "39"]
[EventDate "2015.06.03"]
[EventType "swiss"]
[EventRounds "7"]
[EventCountry "GER"]
[SourceTitle "CBM 167 Extra"]
[Source "ChessBase"]
[SourceDate "2015.09.14"]
[SourceVersion "1"]
[SourceVersionDate "2015.09.14"]
[SourceQuality "1"]

1. e4 c5 2. Nf3 Nc6 3. d4 cxd4 4. c3 dxc3 5. Nxc3 e6 6. Bc4 g6 7. 0-0 Bg7 8. Bf4 Nge7 9. Qe2 0-0 10. Nb5 a6 11. Bc7 axb5 12. Bxd8 bxc4 13. Bxe7 Nxe7 14. Qxc4 Bxb2 15. Rab1 d5 16. Qc2 dxe4 17. Ng5 Bg7 18. Nxe4 Nf5 19. Rfd1 Nd4 20. Qc7 1-0

[Event "Rhein Main op-A 18th"]
[Site "Bad Homburg"]
[Date "2015.06.06"]
[Round "6"]
[White "Zimmer, Gerald"]
[Black "Marchese, Eric"]
[Result "1-0"]
[WhiteElo "1933"]
[BlackElo "1706"]
[PlyCount "67"]
[EventDate "2015.06.03"]
[EventType "swiss"]
[EventRounds "7"]
[EventCountry "GER"]
[SourceTitle "CBM 167 Extra"]
[Source "ChessBase"]
[SourceDate "2015.09.14"]
[SourceVersion "1"]
[SourceVersionDate "2015.09.14"]
[SourceQuality "1"]

1. d4 Nf6 2. g3 d5 3. Bg2 Bf5 4. c4 c6 5. Qb3 Qc8 6. cxd5 cxd5 7. Nc3 e6 8. Bf4 a6 9. Na4 Nbd7 10. Rc1 Qd8 11. Qxb7 Be7 12. Nf3 0-0 13. Bc7 Qc8 14. Qc6 Bb4+ 15. Nd2 Ng4 16. a3 Bxd2+ 17. Kxd2 Nxf2 18. Rhf1 Ne4+ 19. Bxe4 Bxe4 20. Rc3 h6 21. Rfc1 Bg6 22. Rb3 a5 23. Rb7 Re8 24. Qb5 Rf8 25. Bd6 Qxc1+ 26. Kxc1 Rfc8+ 27. Bc7 Nf6 28. Nb6 Rxc7+ 29. Rxc7 Rb8 30. Rc8+ Rxc8+ 31. Nxc8 Kh7 32. Nd6 Ng4 33. h4 Bh5 34. Kd2 1-0

[Event "Karl Mala Memorial op-A 17th"]
[Site "Frankfurt"]
[Date "2014.08.02"]
[Round "5"]
[White "Marchese, Eric"]
[Black "Oezdemir, Ali Oezden"]
[Result "1/2-1/2"]
[WhiteElo "1546"]
[BlackElo "1958"]
[PlyCount "53"]
[EventDate "2014.07.31"]
[EventType "swiss"]
[EventRounds "7"]
[EventCountry "GER"]
[SourceTitle "EXT 2015"]
[Source "ChessBase"]
[SourceDate "2014.11.20"]
[SourceVersion "1"]
[SourceVersionDate "2014.11.20"]
[SourceQuality "1"]

1. e4 c5 2. d4 cxd4 3. c3 Nf6 4. e5 Nd5 5. cxd4 e6 6. Nc3 Nc6 7. a3 d6 8. f4 Qa5 9. Nge2 b5 10. Bd2 b4 11. Nxd5 exd5 12. axb4 Nxb4 13. Nc3 Nc2+ 14. Qxc2 Qxa1+ 15. Kf2 Bd7 16. Bb5 Qxh1 17. Bxd7+ Kxd7 18. Qa4+ Ke7 19. Nxd5+ Ke6 20. f5+ Kxd5 21. Qb5+ Ke4 22. Qc6+ Kd3 23. Qc3+ Ke4 24. Qc6+ Kd3 25. Qc3+ Ke4 26. Qc6+ Kd3 27. Qc3+ 1/2-1/2

[Event "Frankfurt-chA"]
[Site "Frankfurt"]
[Date "2014.06.16"]
[Round "7"]
[White "Cichon, Joerg"]
[Black "Marchese, Eric"]
[Result "1/2-1/2"]
[WhiteElo "1649"]
[BlackElo "1458"]
[PlyCount "61"]
[EventDate "2014.04.28"]
[EventType "swiss"]
[EventRounds "7"]
[EventCountry "GER"]
[SourceTitle "EXT 2015"]
[Source "ChessBase"]
[SourceDate "2014.11.20"]
[SourceVersion "1"]
[SourceVersionDate "2014.11.20"]
[SourceQuality "1"]

1. e4 d5 2. exd5 Nf6 3. Nc3 Bg4 4. Be2 Bxe2 5. Qxe2 a6 6. Nf3 Nxd5 7. Nxd5 Qxd5 8. d3 Nc6 9. Bf4 Qa5+ 10. Bd2 Qd5 11. a3 f6 12. Qe4 Qxe4+ 13. dxe4 e5 14. Be3 0-0-0 15. Rd1 Rxd1+ 16. Kxd1 Be7 17. Kc1 Rd8 18. Rd1 Na5 19. Rxd8+ Kxd8 20. Nd2 b6 21. b4 Nb7 22. Nc4 Kd7 23. f3 Kc6 24. Kb2 h5 25. h4 Kd7 26. Bf2 Nd8 27. Ne3 Ne6 28. c3 Kc6 29. Kb3 Bf8 30. g3 g6 31. Nd5 1/2-1/2

[Event "Karl Mala Memorial op-B 16th"]
[Site "Frankfurt"]
[Date "2013.07.14"]
[Round "7"]
[White "Marchese, Eric"]
[Black "Reitz, Philipp"]
[Result "1-0"]
[WhiteElo "1423"]
[BlackElo "843"]
[PlyCount "39"]
[EventDate "2013.07.11"]
[EventType "swiss"]
[EventRounds "7"]
[EventCountry "GER"]
[SourceTitle "CBM 155 Extra"]
[Source "ChessBase"]
[SourceDate "2013.08.26"]
[SourceVersion "1"]
[SourceVersionDate "2013.08.26"]
[SourceQuality "1"]

1. e4 e6 2. d4 d5 3. Nc3 Nf6 4. Bd3 c5 5. dxc5 Bxc5 6. e5 Nfd7 7. Nf3 Nc6 8. Bf4 Qb6 9. 0-0 Qxb2 10. Na4 Qa3 11. c3 Bb6 12. Bc1 Qe7 13. Nxb6 Nxb6 14. a4 Qc7 15. Re1 0-0 16. Bxh7+ Kxh7 17. Ng5+ Kg8 18. Qh5 Re8 19. Qh7+ Kf8 20. Ba3+ 1-0